1076 1612 1918 1596 1899 1927 1675 1415 1091 1460 1548 1013 1056 1295 1884 1974 1768 1214 1861 1940 1587 1139 1563 1525 1900 1049 1206 1418 1116 1632 1041 1961 1191 1495 1985 1812 1300 1834 1506 1518 1344 1853 1630 1813 1986 1746 1050 1837 1881 1293 1765 1436 1055 1929 1628 1968 1013 1522 1092 1389 1779 1103 1841 1070 1270 1586 1468 1101 1290 1084 1476 1890 1873 1132 1747 1041 1657 1354 1085 1219 1788 1391 1827 1779 1522 1035 1916 1487 1337 1752 1141 1609 1939 1297 1388 1379 1322 1432 1262 BCNSPRNW ULIB Ver.6.0+V

เปลี่ยนเป็นภาษาไทย

Change to English
 แสดงรายละเอียดบรรณานุกรม
  กลับหน้าหลัก

Brief Record : Get Marc (ISO 2709) : E-mail record : QR code < ปิดหน้าต่าง
LEADER : 00000nam 2200000uu 4500
001    13399120543
003     ULIB
008    120924s2552||||th 000 0 tha d
020    ^a9786117098109
060  4 ^aWB537^bม857ด 2552
100 0  ^aแม่ขวัญข้าว
245 00 ^aดูแลสุขภาพองค์รวมจากฝ่าเท้า/^cแม่ขวัญข้าว
260    ^aกรุงเทพฯ:^bFeel good Publishing,^c2552
300    ^a173 หน้า:^bภาพประกอบ
650  7 ^aความงาม
650  7 ^aสุขภาพและความงาม
945    ^p145^l0^i16662
995    ^aกัณชพร
999 ^a ใช้งานได้ทุกระบบ
รายการนี้ยังไม่มีแท็ก
คุณยังไม่ได้ล็อกอิน คุณสามารถมีกิจกรรมร่วมกับเว็บไซต์ได้ แต่ต้องล็อกอินก่อน ::
  ล็อกอิน

รายการสื่อสารสนเทศ

ลำดับที่ ประเภท เลขเรียก/บาร์โค้ด สถานที่ สถานะ
- ไม่พบข้อมูล -

รายการใกล้เคียง
    ผู้แต่ง [แม่ขวัญข้าว]

    หัวเรื่อง [ความงาม]
    หัวเรื่อง [สุขภาพและความงาม]

BibComment


ยังไม่เคยถูกคอมเมนท์

คอมเมนท์ทรัพยากรรายการนี้
  คอมเมนท์: ดูแลสุขภาพองค์รว..


 Copyright 2026. Bcnsprnw @Library